000 00463nam a2200181Ia 4500
001 990
005 20260306140559.0
008 260306t2013||||xx |||||||||||||| ||spa||
041 _aESP
082 _a176.1
_bD29
100 _aDaum, Jürgen, padre
_eAUT
245 0 _aSexualidad y castidad:
_bpara jóvenes que quieren ser hombres de verdad
260 _c2013
300 _a162 páginas :
_c20 cm.
650 _aGEN
654 _aCHU
942 _cLIB
_dJUS
_fJUS
_2ddc
_n
999 _c990
_d990